000 00728nam a2200289Ia 4500
005 20260324133358.0
008 008 260324s9999 xx 000 0 eng d
020 _a9781351281126
037 _aEBOOK
040 _aCRL
040 _beng
040 _cCRL
041 _2eng
041 _aeng
084 _qCRL
100 _aSissel Waage; Ray Anderson
_91192872
245 0 _aAnts, Galileo, and Gandhi
245 0 _bDesigning the Future of Business through Nature, Genius, and Compassion
260 _bTaylor and Francis
260 _c2003
365 _a
365 _b170
856 _uhttp://www.taylorfrancis.com/books/9781351281126
942 _cEBOOK
999 _c1791847
_d1791847